Normal view
MARC view
- LEAD ACID BATTERIES-DESING AND CONSTRUCTION NICKEL CADMIUM BATTERIES-DESIGN AND CONSTRUCTION NICKEL METAL HYDRIDE BATTERIES-DESING AND CONSTRUCTION BATTERY TECHNOLOGY-HANDBOOK
Entry Topical Term
001 - CONTROL NUMBER
- control field: 78163
003 - CONTROL NUMBER IDENTIFIER
- control field: NUST
005 - DATE AND TIME OF LATEST TRANSACTION
- control field: 20210628210117.0
008 - FIXED-LENGTH DATA ELEMENTS
- fixed length control field: 210628|| aca||aabn | a|a d
040 ## - CATALOGING SOURCE
- Original cataloging agency: NUST
- Transcribing agency: NUST
150 ## - HEADING--TOPICAL TERM
- Topical term or geographic name entry element: LEAD ACID BATTERIES-DESING AND CONSTRUCTION NICKEL CADMIUM BATTERIES-DESIGN AND CONSTRUCTION NICKEL METAL HYDRIDE BATTERIES-DESING AND CONSTRUCTION BATTERY TECHNOLOGY-HANDBOOK
670 ## - SOURCE DATA FOUND
- Source citation: Work cat.: (NUST): Berndt.D 78162, Maintenance free batteries lead acid, nickel-cadmium, nickel-metal hydride a hand book of battery technology, 1997
